Office trends (Record no. 109406)

MARC details
000 -LEADER
fixed length control field 01091cad a22002295a 4500
001 - CONTROL NUMBER
control field L147019
008 - FIXED-LENGTH DATA ELEMENTS--GENERAL INFORMATION
fixed length control field 090324s2009 xxkd f s 000 0 eng d
035 ## - SYSTEM CONTROL NUMBER
System control number (Sirsi) u147019
041 0# - LANGUAGE CODE
Language code of text/sound track or separate title eng
050 04 - LIBRARY OF CONGRESS CALL NUMBER
Classification number 333.33 $2 18
110 2# - MAIN ENTRY--CORPORATE NAME
Corporate name or jurisdiction name as entry element Drivers Jonas
9 (RLIN) 1941
245 00 - TITLE STATEMENT
Title Office trends
Remainder of title UK key cities 2009
Medium [electronic resource]
260 ## - PUBLICATION, DISTRIBUTION, ETC.
Place of publication, distribution, etc. London
Name of publisher, distributor, etc. Drivers Jonas
Date of publication, distribution, etc. 2009
490 #0 - SERIES STATEMENT
Series statement Drivers Jonas Office Trends
Volume/sequential designation 2009
520 ## - SUMMARY, ETC.
Summary, etc. Reports that the total value of UK office transactions fell by 65% in 2008, the second consecutive year the total value has fallen. Forecasts that rents will continue to fall in 2009, but that there are still some larger requirements in the market. Concludes that these changes have resulted in the fundamentals shifting firmly in favour of the occupier.
521 ## - TARGET AUDIENCE NOTE
Target audience note Advanced
590 ## - LOCAL NOTE (RLIN)
Local note KA NTK
651 #4 - SUBJECT ADDED ENTRY--GEOGRAPHIC NAME
Geographic name England and Wales
Chronological subdivision 1543-
690 ## - LOCAL SUBJECT ADDED ENTRY--TOPICAL TERM (OCLC, RLIN)
Topical term or geographic name as entry element PROPERTY-COMMERCIAL PROPERTY-COMMERCIAL PROPERTY MARKET
856 40 - ELECTRONIC LOCATION AND ACCESS
Uniform Resource Identifier <a href="https://www.driversjonas.com">https://www.driversjonas.com</a>
Public note View the item free of charge (registration necessary) at www.driversjonas.com...
942 ## - ADDED ENTRY ELEMENTS (KOHA)
Suppress in OPAC 0
Holdings
Withdrawn status Lost status Source of classification or shelving scheme Damaged status Not for loan Home library Current library Shelving location Date acquired Total Checkouts Full call number Barcode Date last seen Copy number Price effective from Koha item type
    Dewey Decimal Classification     Virtual Virtual Online 24/03/2009   ONLINE PUBLICATION 147019-2001 06/08/2019 1 06/08/2019 Book